000 00454cam a2200181ua 4500
020 _c25.00
041 _aeng
_h
082 _a005.1
_bRAD/TE
100 _aRadhakrishnan, M .
245 _aText book on computer programming /
_cM Radhakrishnan.
_hTextual Documents
250 _a1 /
_b.
260 _aCoimbatore :
_bPratheeba publishers ,
_c1985.
300 _a204 ; .
365 _a25.00
504 _a
942 _cBK
999 _c9802
_d9802